Santo Domingo 1046-1066: 16 de marzo al 27 de mayo de 2011

Gespeichert in:
Bibliographische Detailangaben
Hauptverfasser: Molina, Sandra (autora), Román, Jesús (VerfasserIn)
Format: Buch
Sprache:Spanisch
Veröffentlicht: Santiago Sala Gasco Arte Contemporáneo 2011
Ausgabe:1a. ed
Schlagworte:
Tags: Tag hinzufügen
Keine Tags, Fügen Sie den ersten Tag hinzu!

MARC

LEADER 00000cam a2200000 a 4500
001 UCC4619
003 CL-VaPUC
008 180817e20110000cl |||||||||||||||||spa|d
082 0 4 |a 709.83  |b MOL  |2 21 
100 |a Molina, Sandra  |e autora  |9 598830 
700 0 |a Román, Jesús  |e author  |9 598831 
245 1 0 |a Santo Domingo 1046-1066: 16 de marzo al 27 de mayo de 2011 
250 |a 1a. ed 
300 |a 31 p 
942 |c BK 
945 |d 20180817 12:57:00  |a dcastane 
260 |a Santiago  |b Sala Gasco Arte Contemporáneo  |c 2011 
650 0 |a Arte contemporáneo chileno  |9 464579 
650 0 |a Artes visuales  |9 336870 
583 |a last modification  |c 20180817 12:57:00  |k Rodrigo Vera 
999 |c 372071  |d 372069 
952 |0 0  |1 0  |3 erb  |4 0  |6 709_830000000000000_MOL_2011  |7 0  |8 R  |9 489330  |a BIBART  |b BIBART  |i 5487935  |o 709.83 MOL 2011  |p 5487935  |r 2025-03-13  |w 2019-11-24  |y BK_R  |z Catalogado en:20180817  |k ART 
952 |0 0  |1 0  |3 erb  |4 0  |6 709_830000000000000_MOL_2011  |7 0  |8 R  |9 489331  |a BIBART  |b BIBART  |i 5487927  |o 709.83 MOL 2011  |p 5487927  |r 2025-03-13  |w 2019-11-24  |y BK_R  |z Catalogado en:20180817  |k ART